| 000 | 01153cam a22003377a 4500 | ||
|---|---|---|---|
| 003 | CHAP | ||
| 005 | 20220817043643.0 | ||
| 008 | 000404d1998 uk a r 00110 eng d | ||
| 010 | _a80695 | ||
| 011 | _a81667 | ||
| 020 | _a0471957534 | ||
| 035 | _a92142 | ||
| 040 | _cCHAP | ||
| 082 | 0 | 4 |
_a333.9162 _bW3 |
| 100 | 0 | 0 |
_aWaal, Louise C. de _eed. _9120743 |
| 245 | 1 | 0 |
_aRehabilitation of rivers : _bprinciples and implementation _c/ed. by Louise C. de Waal, Andew R.G. Large and P. Max Wade |
| 260 |
_aWest Sussex, Eng. : _bJohn Wiley & Sons, _c1998. |
||
| 300 |
_a331 p. ; _bilus. |
||
| 590 |
_aBATCH-UPD _b10 _c20130110 _lUCH01 _h0510 |
||
| 590 |
_aBATCH-UPD _b10 _c20130410 _lUCH01 _h0148 |
||
| 590 |
_aBATCH-UPD _b10 _c20130914 _lUCH01 _h1715 |
||
| 590 |
_aCONVERSION _b10 _c20130109 _lUCH01 _h1345 |
||
| 650 | 1 | 4 |
_aRecursos naturales _xConservación. |
| 650 | 1 | 4 |
_aRíos _xRehabilitación. _999171 |
| 700 | 0 |
_aLarge, Andrew R. G. _eed. _964912 |
|
| 700 | 0 |
_aWade, P. Max _eed. _9120758 |
|
| 901 | _aBK | ||
| 905 | _aMayto Villalobos S. | ||
| 942 | _cLIBRO | ||
| 949 |
_a333.9162 W3 _bBC _cLIBRO _d33724000757464 _eLIBRO _gI.200911 _h96916 _i92142 _si _t$1,212.00 |
||
| 999 |
_c80695 _d80695 |
||